[Event "POL-ch U12"]
[Site "Uniejow"]
[Date "2021.07.22"]
[Round "5"]
[White "Rosa, Antoni"]
[Black "Janicki, Tomasz"]
[Result "1-0"]
[WhiteElo "1480"]
[BlackElo "1408"]
[PlyCount "79"]
[EventDate "2021.07.18"]
[EventType "swiss"]
[EventRounds "9"]
[EventCountry "POL"]
[SourceTitle "EXT 2022"]
[Source "ChessBase"]
[SourceDate "2021.10.06"]
[SourceVersion "1"]
[SourceVersionDate "2021.10.06"]
[SourceQuality "1"]

1. c4 e5 2. Nc3 Nc6 3. g3 g6 4. Bg2 Bg7 5. d3 d6 6. e4 f5 7. Nge2 h6 8. Be3 Nf6 9. Qd2 Ng4 10. 0-0-0 Nd4 11. h3 Nxe3 12. fxe3 Nxe2+ 13. Qxe2 c6 14. exf5 Bxf5 15. g4 Bd7 16. Be4 Qf6 17. h4 0-0-0 18. h5 g5 19. Rdf1 Qe7 20. Bg6 Rhf8 21. Rd1 Be6 22. Ne4 d5 23. Ng3 Kb8 24. Bf5 Bf7 25. Kb1 e4 26. d4 Qd6 27. Rhg1 Qe7 28. c5 Qc7 29. Rc1 Ka8 30. Rc3 Rb8 31. Qg2 b6 32. cxb6 Rxb6 33. Rgc1 Be8 34. Rc5 Rf6 35. Rxd5 Bf7 36. Rd7 Qb8 37. Nxe4 Bd5 38. Rxd5 cxd5 39. Nxf6 Bxf6 40. Rc8 1-0